export_success — 

Czech Republic business guide.

Bibliographic Details
Format: Book
Published: [S.l]: The Ministry of Industry and Trade of The Czech Republic, 2005.
Subjects:
LEADER 00470cam a2200133 7i4500
001 0000020497
005 20080127090000.0
090 0 0 |a CD 338.7   |b CZE [CZEC] 
245 0 0 |a Czech Republic business guide. 
260 0 0 |a [S.l]:   |b The Ministry of Industry and Trade of The Czech Republic,   |c 2005. 
300 # # |a Electronic computer optical disc (CD-ROM). 
650 0 0 |a Business --   |x Czech Republic  
651 0 0 |a Czech Republic  
999 |a CDR000544H  |b CD-ROM  |c AV Collection  |e Business Information Centre